Loading...
| Philosophy | 0 | 5 | 0 | 1 | 50 | 72 | 88.00 | 2 | 5 | 0.00 | 0.00 |
| Mythology | 0 | 5 | 0 | 0 | 50 | 48 | 86.80 | 3 | 4 | 0.00 | 0.00 |
| Fine Arts - Classical Music | 0 | 4 | 1 | 0 | 35 | 44 | 91.25 | 2 | 4 | 0.00 | 0.00 |
| History - Other | 0 | 4 | 1 | 0 | 35 | 23 | 70.75 | 1 | 2 | 0.00 | 0.00 |
| Religion | 0 | 4 | 2 | 1 | 30 | 65 | 101.25 | 2 | 2 | 0.00 | 0.00 |
| History - American | 0 | 2 | 0 | 0 | 20 | 60 | 73.50 | 0 | 2 | 0.00 | 0.00 |
| Fine Arts - Other | 0 | 2 | 0 | 0 | 20 | 38 | 71.00 | 1 | 2 | 0.00 | 0.00 |
| History - World | 0 | 2 | 1 | 0 | 15 | 46 | 72.00 | 1 | 2 | 0.00 | 0.00 |
| Literature - American | 0 | 1 | 0 | 0 | 10 | 38 | 38.00 | 1 | 1 | 0.00 | 0.00 |
| History - European | 0 | 1 | 0 | 0 | 10 | 37 | 37.00 | 1 | 1 | 0.00 | 0.00 |
| Geography | 0 | 1 | 0 | 0 | 10 | 75 | 75.00 | 0 | 1 | 0.00 | 0.00 |
| Pop Culture | 0 | 1 | 0 | 0 | 10 | 74 | 74.00 | 0 | 1 | 0.00 | 0.00 |
| Fine Arts - Painting and Sculpture | 0 | 1 | 0 | 0 | 10 | 104 | 104.00 | 0 | 1 | 0.00 | 0.00 |
| Science - Other | 0 | 1 | 0 | 1 | 10 | 135 | 135.00 | 0 | 1 | 0.00 | 0.00 |
| Social Science | 0 | 1 | 0 | 0 | 10 | 113 | 113.00 | 0 | 0 | 0.00 | 0.00 |